00327nam a2200133Ia 4500008004100000020001800041041000800059082001500067100001700082245003800099260003800137300000900175500000900184220803s9999 xx 000 0 und d a9780897892537 aeng a720.22 DUT aDutton T Ed. aVoices In Architectural Education aNew YorkbBergin And Garveyc1991 a291p aBCUD